[Event "WYCC 2018 O18"]
[Site "Halkidiki"]
[Date "2018.10.24"]
[Round "6"]
[White "Moroni, Luca Jr"]
[Black "Pultinevicius, Paulius"]
[Result "1-0"]
[WhiteElo "2554"]
[BlackElo "2465"]
[Annotator "TA"]
[PlyCount "57"]
[EventDate "2018.10.20"]
[EventType "swiss"]
[EventCountry "GRE"]
[SourceTitle "playchess.com"]
[Source "ChessBase"]
[SourceQuality "1"]

{[%evp 16,57,32,4,24,-19,0,-16,97,-16,106,102,215,205,205,198,477,483,489,370,552,365,340,95,181,177,295,274,414,406,409,395,399,416,434,422,5281,872,991,978,1306,1294,29992,29993]} 1. c4 Nf6 2. Nc3 c5 3. Nf3 d5 4. cxd5 Nxd5 5. e3 Nxc3 6. bxc3 g6 7. h4 {[%cal Bh2h4,Bh4h5][%mdl 32] A34: Symmetrical English: 2 Nc3, lines with ...d5} Bg7 8. h5 Nc6 9. Qb3 {LiveBook: 3 Games. White is slightly better.} (9. Be2 b6 10. Kf1 Qd6 11. d4 O-O 12. Ba3 Bf5 13. Kg1 Rfd8 14. Qa4 Qf6 15. hxg6 hxg6 {0-1 (63) Aronian,L (2799)-Nepomniachtchi,I (2751) Saint Louis 2017}) 9... Qd6 $146 ({Predecessor:} 9... Qc7 10. Ba3 {½-½ (10) Tkachiev,V (2634)-Fier,A (2601) Skopje 2015}) 10. Ng5 O-O $1 11. hxg6 hxg6 (11... Qxg6 $11 {keeps the balance.} 12. Nf3 (12. Nxh7 Rd8 $17) 12... b6) 12. Ba3 (12. Qc4 $1 $16) 12... b6 {[#]} (12... Na5 $11 {remains equal.} 13. Qa4 Rd8) 13. Qc4 $1 $16 Qe5 (13... Qf6 $16 14. Nh7 (14. Qh4 Rd8 $16) 14... Qf5) 14. Qh4 $18 {[%csl Gg5,Gh1][%cal Rh4h7]} Rd8 15. Bc4 $40 {[%mdl 128] Black is in trouble.} e6 $2 (15... Rd5) 16. d4 Qc7 17. Rd1 Rb8 (17... Na5 $142) 18. O-O ({Not} 18. dxc5 Rxd1+ 19. Kxd1 b5 $14) 18... Qe7 19. d5 $2 (19. f4 $18 {has better winning chances.}) 19... exd5 (19... Ne5 $16 {was worth a try.} 20. dxe6 Bxe6 21. Bxe6 fxe6) 20. Bxd5 Ne5 (20... Rxd5 $142 21. Rxd5 Be6 22. Qh7+ Kf8 23. Nxe6+ fxe6) 21. c4 {aiming for Bb2.} Bb7 (21... Rxd5 {is a better defense.} 22. cxd5 (22. Rxd5 Bb7 $14) 22... f6) 22. e4 {[%cal Be3e4,Be4d5][%mdl 32]} Bxd5 23. exd5 ({Weaker is} 23. Rxd5 Nxc4 24. Bc1 Rxd5 $15) 23... Nxc4 24. Bc1 Nd6 25. Rfe1 Qd7 (25... Qf6 $142 26. Bf4 Ra8 27. Bxd6 Qxd6) 26. Bf4 (26. Qh7+ $142 Kf8 {[#]} 27. Ne6+ $1 {[%mdl 512]} fxe6 28. dxe6) 26... Qf5 27. Re7 Rbc8 28. Rde1 Kf8 29. Bxd6 {Precision: White = 55%, Black = 16%.} 1-0

[Event "WYCC 2018 O18"]
[Site "Halkidiki"]
[Date "2018.10.24"]
[Round "6"]
[White "Triapishko, Alexandr"]
[Black "Van Foreest, Lucas"]
[Result "1/2-1/2"]
[WhiteElo "2508"]
[BlackElo "2499"]
[Annotator "TA"]
[PlyCount "53"]
[EventDate "2018.10.20"]
[EventType "swiss"]
[EventCountry "GRE"]
[SourceTitle "playchess.com"]
[Source "ChessBase"]
[SourceQuality "1"]

{[%evp 24,53,-15,-15,1,-6,-8,-16,-14,-24,-16,-10,41,-14,-16,-12,0,0,0,0,0,-8,-1,-23,0,0,0,-22,0,0,-7,-24]} 1. e4 e5 2. Nf3 Nc6 3. Bb5 Nf6 4. O-O Nxe4 5. d4 Nd6 6. Bxc6 dxc6 7. dxe5 Nf5 8. Qxd8+ Kxd8 9. h3 Bd7 10. Nc3 Kc8 {C67: Ruy Lopez: Berlin Defence: 4 0-0 Nxe4} 11. b3 (11. g4 Ne7 12. Kg2 h6 13. Be3 b6 14. Rad1 c5 15. Kg3 Bc6 16. Nh4 g5 17. Nf5 Ng6 18. f4 gxf4+ 19. Bxf4 {1-0 (52) Bacrot,E (2708)-Nakamura,H (2785) Paris 2017}) 11... b6 12. Bb2 Be7 13. Rad1 {LiveBook: 12 Games} Rd8 14. g4 $146 ({Predecessor:} 14. Ne2 Kb7 15. g4 Nh4 16. Nxh4 Bxh4 17. f4 c5 18. f5 {0-1 (53) Mammadov,Z (2482)-Mirzoev,A (2549) Rustavi 2014}) 14... Nh4 15. Nxh4 Bxh4 16. Ne2 h5 17. f3 a5 (17... g6 $11) 18. Nf4 (18. e6 $1 $14 Bxe6 19. Rxd8+ Kxd8 20. Bxg7) 18... g6 $1 $11 19. a4 c5 20. c4 Kb7 21. Rd3 Bg5 22. Rfd1 Bxf4 23. Rxd7 Rxd7 24. Rxd7 {The position is equal.} Rf8 25. Bc3 Kc8 26. Rd5 Rd8 27. Rxd8+ {Precision: White = 62%, Black = 33%.} 1/2-1/2

[Event "WYCC 2018 O18"]
[Site "Halkidiki"]
[Date "2018.10.24"]
[Round "6"]
[White "Gholami, Aryan"]
[Black "Banzea, Alexandru-Bogdan"]
[Result "1-0"]
[WhiteElo "2493"]
[BlackElo "2313"]
[Annotator "TA"]
[PlyCount "93"]
[EventDate "2018.10.20"]
[EventType "swiss"]
[EventCountry "GRE"]
[SourceTitle "playchess.com"]
[Source "ChessBase"]
[SourceQuality "1"]

{[%evp 13,93,2,7,3,35,16,18,20,50,46,47,25,51,34,47,29,89,0,0,0,0,-31,0,-12,49,43,42,46,121,121,152,145,150,143,154,150,158,135,146,151,170,164,156,159,162,161,174,114,110,104,114,78,92,37,85,75,114,109,117,97,256,250,256,256,249,245,248,231,251,240,221,138,330,320,718,714,2109,2047,1784,1752,1237,1100]} 1. e4 c6 2. d4 d5 3. e5 Bf5 4. h4 h5 5. Bd3 Bxd3 6. Qxd3 {B12: Caro-Kann: Advance Variation} Qa5+ 7. Nd2 e6 {LiveBook: 44 Games} 8. c3 $146 {The position is equal.} ({Predecessor:} 8. Ne2 Ne7 9. O-O Nf5 10. Nf3 Qa6 11. Qd1 c5 12. c3 Nc6 {0-1 (47) Antipov,M (2593)-Artemiev,V (2706) Sochi 2018}) 8... Qa6 9. Qxa6 Nxa6 10. b4 Nc7 11. Nb3 b6 12. a4 Ne7 13. Ne2 Nf5 14. Bg5 Be7 (14... c5 $11 {keeps the balance.}) 15. Kd2 (15. Bxe7 $1 $16 {Hoping for Bd6.} Nxe7 16. Nf4) 15... f6 $1 $11 {[%cal Rf6g5]} 16. Bf4 Kd7 17. Kd3 Rhg8 (17... Nxh4 $5 18. Rxh4 fxe5 $11) 18. Rag1 g5 (18... fxe5 $11 19. Bxe5 Nxh4) 19. exf6 $14 gxf4 20. fxe7 Rg4 (20... f3 $14 21. gxf3 Rxg1 22. Rxg1 Nxh4) 21. f3 $36 {[%mdl 2048] White is really pushing.} Rxh4 22. Rxh4 Nxh4 23. Nxf4 Rg8 24. Ke2 $1 Rg5 25. Kf2 Nf5 26. Nc1 c5 27. bxc5 bxc5 28. dxc5 e5 {[#]} 29. e8=Q+ $1 Kxe8 (29... Nxe8 30. Nxd5) 30. Re1 (30. Nh3 $1 $18 {[%cal Rh3g5]} Rg7 31. Re1) 30... Ne7 31. Nfd3 Ng6 32. Nb3 Kd7 33. Nd2 ({White should try} 33. g3 $16) 33... Ne6 {[#]} 34. g3 $1 {[%cal Bg2g3,Bg3f4][%mdl 32]} Rf5 {With the idea ...e4.} 35. c4 d4 36. Ne4 Ng5 $2 (36... h4 $16) 37. Nxg5 $18 Rxg5 {[%mdl 4096] Endgame KRN-KRN} 38. f4 exf4 39. gxf4 Rf5 40. Re4 Kc7 41. Rxd4 h4 42. Kg2 Ne7 $2 (42... a5 $16 43. Kf3 h3) 43. Kh3 Rf7 $2 (43... Ng6 44. Kg4 Rf8) 44. Ne5 {White is clearly winning.} Nf5 45. Nxf7 Nxd4 46. Ne5 Ne6 {[#]} 47. Nd3 $1 {Precision: White = 62%, Black = 30%.} 1-0

[Event "WYCC 2018 O18"]
[Site "Halkidiki"]
[Date "2018.10.24"]
[Round "6"]
[White "Costachi, Mihnea"]
[Black "Dobrovoljc, Vid"]
[Result "1/2-1/2"]
[WhiteElo "2484"]
[BlackElo "2309"]
[Annotator "TA"]
[PlyCount "101"]
[EventDate "2018.10.20"]
[EventType "swiss"]
[EventCountry "GRE"]
[SourceTitle "playchess.com"]
[Source "ChessBase"]
[SourceQuality "1"]

{[%evp 23,101,-17,-6,-76,-81,-186,-182,-193,-201,-289,-172,-230,-191,-231,-221,-237,-239,-246,-229,-241,-245,-222,-237,-254,-235,-237,-243,-279,-284,-303,-277,-259,-297,-364,-366,-886,-160,-266,-265,-295,-268,-241,-177,-258,-279,-272,-251,-147,-133,-118,-83,-92,-99,-116,-135,-110,0,0,0,-31,-23,-22,-31,-190,-211,-206,-37,-53,-45,-64,-64,-55,-59,-195,-208,-197,-17,-18,-19,-17]} 1. d4 Nf6 2. c4 e6 3. Nf3 d5 4. Nc3 dxc4 5. e3 a6 6. Bxc4 b5 7. Bb3 Bb7 8. O-O Nbd7 9. Qe2 c5 10. Rd1 Qb8 11. h3 {D29: Queen's Gambit Accepted: Classical main line: 7 Qe2 with early ...Nbd7} (11. d5 exd5 12. Nxd5 Nxd5 13. Bxd5 Bxd5 14. Rxd5 Be7 15. e4 Qb7 16. Bg5 f6 17. Bf4 O-O 18. Rad1 Nb6 19. R5d2 Rad8 20. Rxd8 Rxd8 21. Rxd8+ Bxd8 22. e5 Qc6 23. Kf1 {½-½ (23) Postny,E (2618)-Nielsen,P (2681) Khanty-Mansiysk 2011}) 11... Bd6 12. Bc2 O-O {LiveBook: 10 Games} 13. b3 (13. a3 $11 {keeps the balance.}) 13... Rc8 $17 {And now ...cxd4 would win.} 14. d5 $146 (14. Bb2 $17) ({Predecessor:} 14. Bb2 Bxf3 15. gxf3 cxd4 16. exd4 Nd5 17. Nxd5 exd5 18. a4 bxa4 19. Rxa4 {0-1 (31) Gostisa,L (2460)-Hoelzl,F (2385) Graz 1993}) 14... exd5 $19 15. Bb2 Re8 16. Qd2 {[#]} (16. Qf1 $142) 16... Qd8 (16... d4 $142 $1 {[%mdl 512]} 17. exd4 Bf4) 17. Ng5 (17. Ne2 {keeps fighting.}) 17... Qe7 18. Re1 b4 19. Na4 Rad8 20. Rad1 Bb8 21. f4 h6 22. Nf3 Bc6 23. g4 Ne4 24. Qg2 Ba7 25. g5 hxg5 26. h4 f6 27. hxg5 fxg5 28. Bxe4 Qxe4 29. Qxg5 $2 (29. Nxg5 Qxg2+ 30. Kxg2) 29... Qe7 $2 (29... d4 $19 {has better winning chances.} 30. Qg4 Nf6) 30. Qg3 (30. Qf5 $17) 30... Nf6 31. Ne5 Ba8 32. Re2 Ne4 33. Qh3 (33. Qf3 {might work better.}) 33... Rd6 $1 ({Not} 33... Qe6 34. Qh4 $15) 34. Rg2 {[#]} ({Of course not} 34. Rh2 Rh6 $17) 34... d4 $1 {White must now prevent ...Nc3.} 35. Ng6 Qf6 {...Qxg6 is the strong threat.} 36. Qh8+ Kf7 37. Ne5+ Qxe5 $1 38. fxe5 Rxh8 39. exd6 Nc3 (39... Nxd6 $17 40. Rf1+ Ke8) 40. Rf1+ $11 Ke8 41. d7+ Kd8 42. Rh2 Rxh2 43. Kxh2 $2 ({White has to play} 43. Rf8+ $1 $15 Kxd7 44. Rxa8) 43... Bd5 $19 44. exd4 {[#]} cxd4 $2 (44... Nxa4 $1 $19 45. bxa4 c4) 45. Rf5 Nxa4 46. Bxd4 Bb8+ $1 ({But not} 46... Bxd4 $6 47. Rxd5 Nc3 48. Rxd4 $14) 47. Kg1 Nc3 {Hoping for ...Bd6.} 48. Kf1 (48. Rf8+ $1 $15 Kxd7 49. Rxb8) 48... Kxd7 {Strongly threatening ...Ke6.} 49. Bxg7 Bc6 $2 (49... Kc6 $19 50. Rf6+ Kb7) 50. Bxc3 $1 $11 bxc3 51. Rc5 {Precision: White = 41%, Black = 64%.} 1/2-1/2

[Event "WYCC 2018 O18"]
[Site "Halkidiki"]
[Date "2018.10.24"]
[Round "6"]
[White "Radovanovic, Mihajlo"]
[Black "Gazik, Viktor"]
[Result "0-1"]
[WhiteElo "2466"]
[BlackElo "2486"]
[Annotator "TA"]
[PlyCount "104"]
[EventDate "2018.10.20"]
[EventType "swiss"]
[EventCountry "GRE"]
[SourceTitle "playchess.com"]
[Source "ChessBase"]
[SourceQuality "1"]

{[%evp 23,104,35,34,0,0,-7,0,-9,0,0,7,8,9,0,51,27,29,29,37,27,27,-13,-21,-50,-45,-35,-47,-41,-31,-41,-26,-46,-40,-42,-32,-50,-41,-95,-95,-162,-167,-158,-147,-145,-147,-156,-148,-264,-250,-374,-362,-350,-352,-463,-454,-391,-135,-118,-113,-97,-120,-164,-156,-183,-169,-170,-164,-182,-174,-164,-156,-164,-160,-1272,-1164,-1079,-1033,-1056,-763,-6133,-3304,-12845,-12846]} 1. Nf3 g6 2. d4 Bg7 3. c4 f5 4. g3 Nf6 5. Bg2 O-O 6. O-O d6 7. Nc3 Nc6 8. d5 Na5 9. Qa4 c5 10. dxc6 Nxc6 11. Rd1 Kh8 {A89: Dutch Defence: Leningrad System: 5 Nf3 0-0 6 0-0 d6 7 Nc3 Nc6} (11... Qb6 12. Qc2 Ng4 13. e3 Nf6 14. Nd4 Bd7 15. b3 Kh8 16. Bb2 Rac8 17. Qe2 Rce8 18. Rac1 Ne5 19. Nd5 Nxd5 20. Bxd5 e6 21. Bg2 Nf7 22. c5 Qa5 23. Bxb7 e5 24. c6 exd4 25. cxd7 Rb8 26. Bc6 {1-0 (26) Bacrot,E (2722)-Mamedov,R (2660) Shamkir 2014}) 12. c5 d5 {LiveBook: 19 Games} 13. Qh4 e6 $1 {The position is equal.} 14. Bh6 Qe7 $146 ({Predecessor:} 14... Ne4 15. Bxg7+ Kxg7 16. Qxd8 Rxd8 17. Nxe4 fxe4 18. Nd4 Bd7 19. f3 exf3 20. Nxf3 {0-1 (89) Sepp,O (2434)-Ebeling,D (2468) Finland 2016}) 15. Rac1 Bd7 16. Bg5 a6 17. Na4 Rae8 18. Nb6 Qf7 ({Better is} 18... Rf7 $11) 19. Bxf6 ({Don't play} 19. Nxd7 Qxd7 20. b3 Ne4 $15) (19. b4 {is more complex.} Ne4 20. a3 Nc3 21. Re1 Ne4 22. Rcd1) 19... Bxf6 20. Ng5 Bxg5 $1 21. Qxg5 Rd8 22. e3 Qg7 23. Rb1 h6 {[%cal Bh7h6,Bh6h5,Bh5h4][%mdl 32]} 24. Qf4 Be8 25. Qf3 g5 26. Qe2 Ne5 {[%cal Bc6e5,Be5g4,Bg4f6,Bf6e4][%mdl 32]} 27. f4 Ng4 $1 28. Bf3 h5 29. b4 Nf6 30. a4 (30. Kh1 $15) 30... h4 $17 31. Qf2 (31. Qg2 $17) 31... gxf4 $1 $19 32. exf4 Ne4 $1 {[%cal Re4f2]} 33. Bxe4 fxe4 34. Qd4 Bh5 $1 ({Don't take} 34... hxg3 35. hxg3 Bh5 36. Rd2 $15) 35. Qxg7+ (35. Rd2 $17) 35... Kxg7 36. Rd4 (36. Re1 $142 Bf3 37. Rb3) 36... hxg3 37. hxg3 Rh8 38. Kf2 Bf3 {( -> ...Rh2+)} 39. Ke3 {intending Rd2.} Kf6 $2 (39... Rh2 $1 $19 {[%csl Gf3][%cal Rh2e2]} 40. Re1 Rb2) 40. Rd2 $17 Rh3 41. Rg1 Rg8 42. b5 axb5 43. axb5 Rgxg3 44. Rxg3 Rxg3 $19 {[%mdl 4096] Endgame KRB-KRN} 45. c6 bxc6 46. bxc6 {[#] Threatens to win with c7.} Bg4+ $1 47. Kd4 {Strongly threatening c7.} e3 48. Rc2 $2 (48. Rh2 $17 e2 49. Rh1) 48... e2 {Black is clearly winning.} 49. Rc1 Rf3 50. c7 {[#]} Rf1 $1 {[%cal Rf1c1]} ({Weaker is} 50... Rxf4+ 51. Ke3 $17) 51. Rc6 e1=Q 52. Nxd5+ Kf7 {Precision: White = 49%, Black = 75%.} 0-1

[Event "WYCC 2018 O18"]
[Site "Halkidiki"]
[Date "2018.10.24"]
[Round "6"]
[White "Janik, Igor"]
[Black "Shevchenko, Kirill"]
[Result "1/2-1/2"]
[WhiteElo "2453"]
[BlackElo "2549"]
[Annotator "TA"]
[PlyCount "86"]
[EventDate "2018.10.20"]
[EventType "swiss"]
[EventCountry "GRE"]
[SourceTitle "playchess.com"]
[Source "ChessBase"]
[SourceQuality "1"]

{[%evp 14,86,37,24,44,47,39,38,61,40,47,14,27,15,28,13,11,0,0,0,7,0,3,0,8,0,0,-9,-8,-18,25,18,40,0,0,0,0,0,0,0,0,0,0,-56,-27,-52,-68,-126,-39,-47,-55,-170,-28,-77,-77,-74,-80,-90,0,0,0,0,0,0,0,0,0,0,0,0,0,0,0,0,0]} 1. e4 e5 2. Nf3 Nc6 3. Bc4 Nf6 4. d3 h6 5. O-O d6 6. c3 g5 {C55: Two Knights: 4 d3, 4 d4 exd4 5 e5 and Max Lange Attack} 7. Re1 Bg7 8. a4 {[%cal Ba2a4,Ba4a5][%mdl 32] LiveBook: 3 Games} Be6 $146 {White has an edge.} ({Predecessor:} 8... O-O 9. h3 d5 10. exd5 Nxd5 11. Nbd2 a6 12. Ne4 Nf4 13. a5 b5 14. axb6 cxb6 {1-0 (43) Karjakin,S (2782)-Mamedyarov,S (2808) Paris 2018}) 9. Nbd2 O-O 10. h3 Qd7 11. a5 a6 12. Qb3 Rab8 13. Nf1 Nh5 14. Rd1 Kh8 15. d4 Bxc4 16. Qxc4 exd4 17. cxd4 f5 18. d5 Ne5 19. Nxe5 Bxe5 20. Ne3 fxe4 21. Qxe4 Qf7 22. Ng4 Bg7 23. Be3 Nf4 24. Bxf4 Qxf4 25. Qc2 Rbe8 26. Ra3 ({But not} 26. Qxc7 $2 h5 $17) 26... h5 $36 {[%mdl 2048] Black fights for an advantage.} 27. Ne3 Bd4 28. Rdd3 (28. Rb3 $11) 28... Bc5 29. Rac3 Re4 30. Qe2 (30. b3 $15) 30... g4 (30... Kg8 $17 31. Rb3 b5) 31. hxg4 $1 $15 hxg4 32. g3 ({Better is} 32. b4 $1 $15 Rxb4 33. Nxg4) 32... Qg5 (32... Qe5 $19 {aiming for ...Rf6.} 33. Rb3 Rf3) 33. b4 Rxb4 34. Rb3 {[#] Black must now prevent Rxb4.} Ra4 35. Rxb7 Bxe3 (35... Qe5 $17 36. Qc2 Qe4 37. Qc3+ Bd4 38. Rxd4 Qxd4 39. Qxd4+ Rxd4) 36. Qb2+ $11 {The position is equal.} Qg7 37. Qxg7+ Kxg7 38. Rxc7+ Kg8 39. Rxe3 {Threatens to win with Ree7.} Ra1+ 40. Kg2 {[#] And now Ree7 would win.} Ra2 41. Kg1 Raxf2 {( -> ...Rf1+)} 42. Re8 Rf1+ 43. Kg2 R1f2+ {Precision: White = 32%, Black = 57%.} 1/2-1/2

[Event "WYCC 2018 O18"]
[Site "Halkidiki"]
[Date "2018.10.24"]
[Round "6"]
[White "Gumularz, Szymon"]
[Black "Ahmadzada, Ahmad"]
[Result "1-0"]
[WhiteElo "2441"]
[BlackElo "2343"]
[Annotator "NA"]
[PlyCount "69"]
[EventDate "2018.10.20"]
[EventType "swiss"]
[EventCountry "GRE"]
[SourceTitle "playchess.com"]
[Source "ChessBase"]
[SourceQuality "1"]
[TimeControl "40/5400+30:1800+30"]

1. c4 {[%emt 0:00:00]} Nf6 {[%emt 0:00:00]} 2. Nc3 {[%emt 0:00:00]} g6 {[%emt 0:00:29]} 3. e4 {[%emt 0:00:30]} d6 {[%emt 0:00:12]} 4. d4 {[%emt 0:00:05]} Bg7 {[%emt 0:00:05]} 5. f3 {[%emt 0:00:31]} O-O {[%emt 0:00:11]} 6. Be3 {[%emt 0:00:02]} c5 {[%emt 0:00:05]} 7. Nge2 {[%emt 0:00:37]} cxd4 {[%emt 0:00:17]} 8. Nxd4 {[%emt 0:00:06]} Nc6 {[%emt 0:00:04]} 9. Be2 {[%emt 0:07:18]} Bd7 {[%emt 0:00:11]} 10. O-O {[%emt 0:00:15]} Nxd4 {[%emt 0:00:09]} 11. Bxd4 {[%emt 0:00:05]} Bc6 {[%emt 0:00:15]} 12. Qd2 {[%emt 0:00:20]} a5 {[%emt 0:00:11]} 13. b3 {[%emt 0:01:04]} Nd7 {[%emt 0:00:11]} 14. Be3 {[%emt 0:00:05]} Nc5 {[%emt 0:00:15]} 15. Rac1 {[%emt 0:03:17] LiveBook: 223 Games} e6 {[%emt 0:01:04] B38: Sizilianisch (Maroczy-Aufbau)} 16. Rfd1 {[%emt 0:02:05]} Be5 {[%emt 0:00:18]} 17. g3 {[%emt 0:00:18]} (17. Rc2 Qe7 18. Nb5 Qh4 19. g3 Bxg3 20. hxg3 Qxg3+ 21. Kf1 Nxe4 22. Qd3 f5 23. Nd4 f4 24. Nxc6 fxe3 25. Qxe3 Rf4 26. Nd4 Rh4 27. Qg1 Rh1 {0-1 (27) Lupulescu,C (2618)-Iturrizaga Bonelli,E (2650) Baku 2016 CBM 175 [Iotov,V]}) 17... Qe7 {[%emt 0:08:47]} 18. Nb5 $146 {[%emt 0:02:55]} ({Vorgänger:} 18. Bd4 Rfd8 19. Qe3 Bxd4 20. Rxd4 e5 21. Rd2 Ne6 22. Bf1 Nd4 {0-1 (49) Kyrkjebo,E (2083)-Martinsen,S (2201) Norway 2016}) 18... b6 {[%emt 0:07:32]} 19. Bg5 {[%emt 0:05:41]} f6 {[%emt 0:37:31]} 20. Bh6 {[%emt 0:01:19]} Rfc8 {[%emt 0:01:48]} 21. f4 {[%emt 0:20:04]} Nxe4 {[%emt 0:00:09] [#]} 22. Qe3 $1 {[%emt 0:01:36]} Bb2 {[%emt 0:03:18]} 23. Rb1 {[%emt 0:00:53]} Bxb5 {[%emt 0:01:41]} 24. cxb5 {[%emt 0:01:08]} Nc3 {[%emt 0:00:49]} 25. Rxb2 {[%emt 0:00:17]} Nxd1 {[%emt 0:00:07]} 26. Bxd1 {[%emt 0:00:03]} d5 {[%emt 0:07:52]} 27. Kg2 {[%emt 0:05:12]} Rc5 {[%emt 0:01:56]} 28. Bg4 {[%emt 0:01:09]} f5 {[%emt 0:03:45]} 29. Bf3 {[%emt 0:02:30]} Rxb5 {[%emt 0:04:00]} 30. Rc2 {[%emt 0:01:15]} Re8 {[%emt 0:01:45]} 31. Rc6 {[%emt 0:01:33]} Rc5 {[%emt 0:00:30]} 32. Rxb6 {[%emt 0:00:27]} Rc2+ {[%emt 0:00:21]} 33. Kh3 {[%emt 0:00:14]} Qf7 {[%emt 0:01:31]} 34. Qe5 $18 {[%emt 0:01:38]} g5 {[%emt 0:01:49]} 35. fxg5 {[%emt 0:00:52]} 1-0

[Event "WYCC 2018 O18"]
[Site "Halkidiki"]
[Date "2018.10.24"]
[Round "6"]
[White "Fawzy, Adham"]
[Black "Risting, Eivind Olav"]
[Result "1/2-1/2"]
[WhiteElo "2439"]
[BlackElo "2299"]
[Annotator "ChessBase"]
[PlyCount "79"]
[EventDate "2018.10.20"]
[EventType "swiss"]
[EventCountry "GRE"]
[SourceTitle "playchess.com"]
[Source "ChessBase"]
[SourceQuality "1"]
[TimeControl "40/5400+30:1800+30"]

1. e4 {[%emt 0:00:00]} c6 {[%emt 0:00:00]} 2. d4 {[%emt 0:00:10]} d5 {[%emt 0:00:00]} 3. e5 {[%emt 0:00:07]} Bf5 {[%emt 0:00:16]} 4. h4 {[%emt 0:00:28]} h5 {[%emt 0:01:04]} 5. Bd3 {[%emt 0:00:10]} Bxd3 {[%emt 0:00:15]} 6. Qxd3 {[%emt 0:00:02]} e6 {[%emt 0:00:29]} 7. Bg5 {[%emt 0:00:08]} Be7 {[%emt 0:00:43]} 8. Bxe7 {[%emt 0:01:22]} Nxe7 {[%emt 0:01:43]} 9. Nf3 {[%emt 0:00:40]} Qb6 {[%emt 0:04:54]} 10. Nbd2 {[%emt 0:05:25]} c5 {[%emt 0:11:41]} 11. c4 {[%emt 0:02:19]} Nbc6 {[%emt 0:04:26]} 12. cxd5 {[%emt 0:04:49]} Nb4 {[%emt 0:26:34]} 13. Qb3 {[%emt 0:02:05]} Nbxd5 {[%emt 0:00:28]} 14. dxc5 {[%emt 0:01:17]} Qxc5 {[%emt 0:01:13]} 15. O-O {[%emt 0:10:45]} O-O {[%emt 0:00:33]} 16. Rac1 {[%emt 0:02:55]} Qb6 {[%emt 0:07:58]} 17. Qc2 {[%emt 0:15:40]} Rac8 {[%emt 0:01:29]} 18. Nc4 {[%emt 0:00:26]} Qa6 {[%emt 0:02:29]} 19. Qe4 {[%emt 0:01:30]} Nf5 {[%emt 0:07:12]} 20. a3 {[%emt 0:13:08]} b5 {[%emt 0:02:10]} 21. Ncd2 {[%emt 0:00:22]} Rxc1 {[%emt 0:04:54]} 22. Rxc1 {[%emt 0:00:01]} Rc8 {[%emt 0:00:08]} 23. Rc2 {[%emt 0:00:08]} Rc6 {[%emt 0:00:54]} 24. Kh2 {[%emt 0:08:13]} Qc8 {[%emt 0:01:02]} 25. Rxc6 {[%emt 0:00:03]} Qxc6 {[%emt 0:00:04]} 26. Nd4 {[%emt 0:00:25]} Qc1 {[%emt 0:05:39]} 27. Nxf5 {[%emt 0:01:19]} Qxd2 {[%emt 0:00:14]} 28. Qd4 {[%emt 0:00:08]} Qf4+ {[%emt 0:08:36]} 29. Qxf4 {[%emt 0:00:25]} Nxf4 {[%emt 0:00:02]} 30. Ne7+ {[%emt 0:07:54]} Kf8 {[%emt 0:00:06]} 31. Nc6 {[%emt 0:00:02]} a6 {[%emt 0:00:17]} 32. b4 {[%emt 0:02:32]} Nd3 {[%emt 0:01:11]} 33. Kg3 {[%emt 0:00:36]} Ke8 {[%emt 0:00:25]} 34. f4 {[%emt 0:03:38]} Kd7 {[%emt 0:01:06]} 35. Nd4 {[%emt 0:04:22]} Nb2 {[%emt 0:00:38]} 36. Kf3 {[%emt 0:01:53]} Nc4 {[%emt 0:00:09]} 37. Nc2 {[%emt 0:00:02]} Kc6 {[%emt 0:01:01]} 38. Ke4 {[%emt 0:00:05]} g6 {[%emt 0:03:06]} 39. Nd4+ {[%emt 0:00:22]} Kb6 {[%emt 0:02:10]} 40. Nc2 {[%emt 0:00:00]} 1/2-1/2